A practical guide to EMC engineering /

Bibliographic Details
Main Author: Sevgi, Levent (Author)
Corporate Author: Knovel (Firm)
Format: eBook
Language:English
Published: Boston : Artech House, [2017]
Series:Artech House electromagnetic analysis series.
Subjects:
Online Access:Connect to the full text of this electronic book

MARC

Tag First Indicator Second Indicator Subfields
LEADER 00000cam a2200000 i 4500
001 in00004638721
006 m o d
007 cr cn|||||||||
008 170905s2017 mauad ob 001 0 eng d
005 20230110224224.2
010 |a  2017288880 
035 |a (OCoLC)on1027692132 
040 |a STF  |b eng  |e rda  |e pn  |c STF  |d OCLCQ  |d EBLCP  |d N$T  |d YDX  |d CUV  |d STF  |d UAB  |d MERER  |d OCLCQ  |d LVT  |d G3B  |d IGB  |d ERL  |d UWW  |d KNOVL  |d OCLCF  |d VLB  |d COO  |d OCLCQ  |d UKAHL  |d OCLCQ  |d UX1  |d VT2  |d IEEEE  |d OCLCQ  |d OCLCO 
019 |a 1039925586  |a 1086995656  |a 1104316459  |a 1104451910  |a 1151958740  |a 1202551125  |a 1228610955 
020 |a 9781630814007  |q (electronic bk.) 
020 |a 1630814008  |q (electronic bk.) 
020 |a 9781523116911  |q (electronic) 
020 |a 1523116919 
020 |z 9781630813833 
020 |z 1630813834 
035 |a (OCoLC)1027692132  |z (OCoLC)1039925586  |z (OCoLC)1086995656  |z (OCoLC)1104316459  |z (OCoLC)1104451910  |z (OCoLC)1151958740  |z (OCoLC)1202551125  |z (OCoLC)1228610955 
050 4 |a TK7867.2  |b .S48 2017eb 
072 7 |a TEC  |x 009070  |2 bisacsh 
082 0 4 |a 621.382  |2 23 
049 |a TXAM 
100 1 |a Sevgi, Levent,  |e author. 
245 1 2 |a A practical guide to EMC engineering /  |c Levent Sevgi. 
246 3 |a Practical guide to electromagnetic compatibility engineering 
264 1 |a Boston :  |b Artech House,  |c [2017] 
264 4 |c ©2017 
300 |a 1 online resource (xvi, 304 pages) :  |b illustrations, charts 
336 |a text  |b txt  |2 rdacontent 
337 |a computer  |b c  |2 rdamedia 
338 |a online resource  |b cr  |2 rdacarrier 
490 1 |a Artech House electromagnetic series 
588 0 |a Print version record. 
504 |a Includes bibliographical references and index. 
520 3 |a This practical new resource explores the fundamentals of EMC engineering and examines the concepts and underpinnings of electromagnetics. This book highlights the procedures from design to market for both technical and non-technical issues, including market control, accreditation, calibration, EMC tests and measurement, and EMC protection. Basic electrical engineering theories, Maxwell equations, EM scattering, diffraction and propagation in the electromagnetic model are presented. The circuit model, including lumped parameter circuit elements, two-port circuit definitions, grounding, common and differential model currents, and microstripline circuits are explored.n nThis book also covers antennas and antenna calibration, including communication antennas, normalized site attenuation (NSA), loop antennas, and loop antenna calibration (LAC). Noise and frequency analysis on fundamental electromagnetic signals, noise, and transforms is explained. Readers find insight into EMC test and measurement environments and devices. Time-saving MATLAB code is included in this resource to help engineers with their projects in the field.  |c Publisher abstract. 
505 0 |a A Practical Guide to EMC Engineering; Contents; Preface; 1 Introduction; 1.1 Electromagnetic Compatibility; 1.2 EM Fields in Our Environment; 1.2.1 Low-Frequency Magnetic Field Coupling; 1.2.2 Power Absorption from EM Fields; 1.2.3 Electromagnetic Levels in Our Environment; 1.2.4 Epilogue; 1.2.5 Risk Assessment and Precautionary Principle; 1.2.6 Simple EM Calculations; 1.3 EU EMC Directives; 1.4 CE Marking Process; 1.5 EMC Institutions and EMC Standards; 1.5.1 Commercial EMC Standards; 1.5.2 Military EMC Standards; 1.6 EMC Limiting Values; 1.7 EMC Tests and Measurements. 
505 8 |a 1.8 EMC Engineering Philosophy1.9 Suggested EMC Approach; References; Bibliography; 2 Accreditation; 2.1 Introduction; 2.2 Accreditation; 2.3 Accreditation Institutions; 2.4 TÜRKAK; 2.5 EMC Tests and Measurements; 2.5.1 Features of EMC Tests and Measurements; 2.5.2 Calibration; 2.5.3 Reporting and Product Certification; 2.6 Proficiency Testing and Interlab Comparisons; References; Bibliography; 3 Electromagnetic Model; 3.1 Basic Electrical Engineering Theories; 3.2 Maxwell Equations; 3.3 EM Scattering, Diffraction, and Propagation; 3.3.1 EM Point and Line Sources; 3.3.2 EM Wave Polarization. 
505 8 |a 3.3.3 EM Plane Waves and Wave Impedance3.3.4 EM Power Density; 3.3.5 EM Problem Groups; 3.3.6 EM Propagation Modes; 3.4 EM Materials and Skin Depth; 3.5 Electric and Magnetic Dipoles; 3.6 Typical Emissions; 3.7 EM Coupling Mechanisms; References; 4 Circuit Model; 4.1 Lumped Parameter Circuit Elements; 4.1.1 Conductor Wires; 4.1.2 Inductive Effect of a Conductor Wire; 4.1.3 Capacitive Effect of a Conductor Wire; 4.1.4 Realistic R/L/C Models; 4.2 Two-Port Circuit Definitions; 4.3 Resonance Circuits; 4.4 Cables and Transmission Line Model; 4.4.1 Characteristic Impedance. 
505 8 |a 4.4.2 Propagation Constant4.4.3 Voltage Reflection Coefficient; 4.4.4 Voltage Standing Wave Ratio (VSWR); 4.5 Grounding; 4.6 Common Mode and Differential Mode Currents; 4.7 Nonlinearity Effects; 4.8 Two-Port Circuits and S-Parameters; 4.9 Microstipline Circuits; 4.9.1 Characteristics of a Microstripline; 4.9.2 Basic Microstrip Circuits; 4.10 Crosstalk; References; Bibliography; 5 Antennas and Antenna Calibration; 5.1 Fundamental Antenna Terms; 5.2 Communication Antennas; 5.3 EMC Antennas; 5.3.1 Receive Antenna and Antenna Factor; 5.3.2 Transmit Antenna Factor; 5.4 Antenna Calibration. 
505 8 |a 5.5 Normalized Site Attenuation5.5.1 Theoretical NSA Calculations; 5.5.2 NSA Measurements; 5.5.3 Performing an Antenna Calibration; 5.5.4 Antenna Calibration with Pattern Measurements; 5.6 Loop Antennas; 5.7 Loop Antenna Calibration; 5.8 Antenna Arrays; 5.8.1 Arrays with Isotropic Radiators; 5.8.2 A MATLAB-Based ARRAY Package; 5.9 Antenna Types; 5.9.1 Electric and Magnetic Dipoles; 5.9.2 Wire Antennas; 5.9.3 Broadband EMC Antennas; 5.9.4 Log-Periodic Dipole Antenna; 5.9.5 Horn Antenna; References; Bibliography; 6 Noise and Frequency Analysis; 6.1 Fundamental Electromagnetic Signals; 6.2 Noise. 
650 0 |a Electromagnetic compatibility. 
650 6 |a Compatibilité électromagnétique. 
650 7 |a TECHNOLOGY & ENGINEERING  |x Mechanical.  |2 bisacsh 
650 7 |a Electromagnetic compatibility.  |2 fast  |0 (OCoLC)fst00906512 
655 7 |a Electronic books.  |2 local 
710 2 |a Knovel (Firm) 
776 0 8 |i Print version record:  |a Sevgi, Levent.  |t Practical guide to EMC engineering.  |d Boston : Artech House, [2017]  |z 9781630813833  |w (DLC) 2017288880  |w (OCoLC)965761738 
830 0 |a Artech House electromagnetic analysis series. 
856 4 0 |u http://proxy.library.tamu.edu/login?url=https://app.knovel.com/hotlink/toc/id:kpPGEMCE08/practical-guide-to?kpromoter=marc  |z Connect to the full text of this electronic book  |t 0 
955 |a Knovel ebooks 
994 |a 92  |b TXA 
999 f f |s 4b7045eb-afd4-421f-b0dd-f06bb002b070  |i 935742b5-14e1-482b-8c19-292b19f5e397  |t 0 
952 f f |a Texas A&M University  |b College Station  |c Electronic Resources  |d Available Online  |t 0  |e TK7867.2 .S48 2017eb  |h Library of Congress classification 
998 f f |a TK7867.2 .S48 2017eb  |t 0  |l Available Online